Fr. Conceicao Rodrigues College of Engineering

RF system design of Tranceivers for wireless communication (Record no. 23047)

MARC details
000 -LEADER
fixed length control field 00369nam a2200157Ia 4500
082 ## - DEWEY DECIMAL CLASSIFICATION NUMBER
Classification number 384.5/GU
Item number GU
100 ## - MAIN ENTRY--PERSONAL NAME
Personal name Gu/Qizheng
245 ## - TITLE STATEMENT
Title RF system design of Tranceivers for wireless communication
260 ## - PUBLICATION, DISTRIBUTION, ETC.
Name of publisher, distributor, etc. Springer
Place of publication, distribution, etc. New Delhi
Date of publication, distribution, etc. 2005
366 ## - TRADE AVAILABILITY INFORMATION
Publishers's discount category 17.5
300 ## - PHYSICAL DESCRIPTION
Extent 479
546 ## - LANGUAGE NOTE
Language note ENGLISH
650 ## - SUBJECT ADDED ENTRY--TOPICAL TERM
Topical term or geographic name entry element Communication
654 ## - SUBJECT ADDED ENTRY--FACETED TOPICAL TERMS
Focus term RF system
942 ## - ADDED ENTRY ELEMENTS (KOHA)
Koha item type BOOK
Holdings
Withdrawn status Lost status Damaged status Not for loan Collection Home library Current library Date acquired Source of acquisition Cost, normal purchase price Inventory number Total Checkouts Full call number Barcode Date last seen Cost, replacement price Price effective from Koha item type
        CRC Fr. Agnel's C.Rodrigues College of Engineering Fr. Agnel's C.Rodrigues College of Engineering 17/03/2023 Educational books and periodicals 490.88 208 dt 25/02/2009   384.5/GU GU 19368 17/03/2023 595.00   BOOK